[Event "Cholet-A"]
[Site "Cholet"]
[Date "2011.03.09"]
[Round "6"]
[White "Bourget, Luc"]
[Black "Aumont, Eric"]
[Result "1-0"]
[WhiteElo "1975"]
[BlackElo "1807"]
[PlyCount "79"]
[EventDate "2011.03.05"]
[EventType "tourn"]
[EventRounds "9"]
[EventCountry "FRA"]
[SourceTitle "EXT 2012"]
[Source "ChessBase"]
[SourceDate "2011.11.24"]
[SourceVersion "1"]
[SourceVersionDate "2011.11.24"]
[SourceQuality "1"]

1. d4 Nf6 2. Nf3 g6 3. c4 Bg7 4. Nc3 c6 5. e4 d6 6. Be2 b6 7. 0-0 0-0 8. h3 d5 9. e5 Ne8 10. Bf4 Nc7 11. Qd2 Ne6 12. Bh6 Re8 13. Bxg7 Kxg7 14. Rad1 Na6 15. Nh4 f5 16. exf6+ exf6 17. f4 Nf8 18. cxd5 cxd5 19. Bb5 Re7 20. Rde1 Nc7 21. Rxe7+ Qxe7 22. Re1 Qf7 23. Qe3 Bd7 24. Bxd7 Nxd7 25. Qg3 Re8 26. Rc1 f5 27. Nf3 Nf6 28. Ne5 Qe7 29. Ne2 Ne4 30. Qe1 Ne6 31. Rc6 Rb8 32. Rc2 Rb7 33. Rc8 Rc7 34. Ra8 Rc2 35. a3 Rc7 36. b4 Rc2 37. g4 Nd6 38. Qd1 Qc7 39. g5 Nxf4 40. Nxf4 1-0

[Event "Cholet-A"]
[Site "Cholet"]
[Date "2011.03.09"]
[Round "7"]
[White "Dumont, Gilles"]
[Black "Bourget, Luc"]
[Result "1/2-1/2"]
[WhiteElo "1910"]
[BlackElo "1975"]
[PlyCount "91"]
[EventDate "2011.03.05"]
[EventType "tourn"]
[EventRounds "9"]
[EventCountry "FRA"]
[SourceTitle "EXT 2012"]
[Source "ChessBase"]
[SourceDate "2011.11.24"]
[SourceVersion "1"]
[SourceVersionDate "2011.11.24"]
[SourceQuality "1"]

1. e4 d6 2. d4 Nf6 3. Nc3 e5 4. dxe5 dxe5 5. Qxd8+ Kxd8 6. Bg5 c6 7. Nf3 Bd6 8. h3 Be6 9. Bd3 Nbd7 10. Be3 h6 11. a3 b5 12. g3 g5 13. Nd2 Ke7 14. f3 Bc5 15. Kf2 h5 16. Bxc5+ Nxc5 17. Be2 h4 18. g4 Bd7 19. Nf1 Ne6 20. Ne3 Nf4 21. Bf1 Rhd8 22. Rd1 Ne8 23. Rh2 Nc7 24. Ke1 Nce6 25. Nf5+ Kf8 26. Rhd2 Be8 27. Rxd8 Rxd8 28. Rxd8 Nxd8 29. Ne2 Nde6 30. Kd2 Bd7 31. c3 Nxe2 32. Kxe2 Nf4+ 33. Ke3 Bxf5 34. exf5 Ke7 35. Ke4 f6 36. b3 Kd6 37. c4 bxc4 38. bxc4 Kc5 39. Ke3 Kb6 40. Kd2 Ka5 41. Kc3 Ka4 42. Kb2 a6 43. Ka2 Ka5 44. Kb3 Kb6 45. Kb2 Kc5 46. Kc3 1/2-1/2

[Event "Cholet-A"]
[Site "Cholet"]
[Date "2011.03.06"]
[Round "2"]
[White "Bourget, Luc"]
[Black "Denous, Cyprien"]
[Result "0-1"]
[WhiteElo "1975"]
[BlackElo "2012"]
[PlyCount "104"]
[EventDate "2011.03.05"]
[EventType "tourn"]
[EventRounds "9"]
[EventCountry "FRA"]
[SourceTitle "EXT 2012"]
[Source "ChessBase"]
[SourceDate "2011.11.24"]
[SourceVersion "1"]
[SourceVersionDate "2011.11.24"]
[SourceQuality "1"]

1. e4 Nf6 2. e5 Nd5 3. d4 d6 4. c4 Nb6 5. exd6 cxd6 6. Nc3 g6 7. Be3 Bg7 8. Rc1 0-0 9. b3 e5 10. dxe5 dxe5 11. Qxd8 Rxd8 12. c5 N6d7 13. Bc4 Nc6 14. Nf3 h6 15. Ne4 Na5 16. b4 Nxc4 17. Rxc4 f5 18. Nd6 e4 19. Nd2 Ne5 20. 0-0 Nxc4 21. N2xc4 Be6 22. Na5 b6 23. Nab7 Rd7 24. c6 Rc7 25. Rc1 Bd5 26. b5 Be6 27. h4 Be5 28. g3 Kh7 29. Nc4 Bxc4 30. Rxc4 Rb8 31. Ra4 Rbxb7 32. cxb7 Rxb7 33. Rc4 Rc7 34. Rc6 Rd7 35. Re6 Bg7 36. Kg2 h5 37. Bf4 Bh6 38. Be5 Bg7 39. Bb8 Bf8 40. a4 Kg7 41. Be5+ Kh7 42. Rc6 Bg7 43. Rc7 Rxc7 44. Bxc7 Bc3 45. f3 Kg7 46. fxe4 fxe4 47. Kf2 Kf6 48. Ke3 Be5 49. Bd8+ Kf5 50. Kf2 Kg4 51. Ke3 Bxg3 52. Kxe4 Bxh4 0-1

[Event "Angers op 3rd"]
[Site "Angers"]
[Date "2008.04.25"]
[Round "1"]
[White "Serralta, Michel"]
[Black "Bourget, Luc"]
[Result "0-1"]
[WhiteElo "2141"]
[BlackElo "1905"]
[PlyCount "92"]
[EventDate "2008.04.25"]
[EventType "swiss"]
[EventRounds "6"]
[EventCountry "FRA"]
[SourceTitle "CBM 123 Extra"]
[Source "ChessBase"]
[SourceDate "2008.05.06"]
[SourceVersion "1"]
[SourceVersionDate "2008.05.06"]
[SourceQuality "1"]

1. d4 Nf6 2. c4 g6 3. Nc3 Bg7 4. e4 d6 5. f3 0-0 6. Be3 c5 7. Nge2 cxd4 8. Nxd4 Nc6 9. Nc2 a6 10. Qd2 Re8 11. Qf2 Nd7 12. Be2 b5 13. cxb5 axb5 14. Bxb5 Bxc3+ 15. bxc3 Qa5 16. Bxc6 Qxc3+ 17. Qd2 Qxc6 18. 0-0 Ne5 19. Rfc1 Qa4 20. Nb4 Be6 21. Qd4 Qa3 22. Rab1 Rec8 23. Rxc8+ Rxc8 24. Nd5 Bxd5 25. exd5 Qxa2 26. Ra1 Qe2 27. Bh6 f6 28. Qb4 Kf7 29. Re1 Nd3 30. Rxe2 Nxb4 31. Be3 Nxd5 32. Ba7 Rc7 33. Bd4 e5 34. Bb2 Ke6 35. g3 f5 36. Kf2 Rb7 37. h4 Rb3 38. Bc1 Nb4 39. Bh6 d5 40. Bg7 Nd3+ 41. Kg2 Rb2 42. Rxb2 Nxb2 43. f4 Nd3 44. fxe5 Nxe5 45. Kf2 d4 46. Ke2 Kd5 0-1

[Event "Angers op 2nd"]
[Site "Angers"]
[Date "2007.04.13"]
[Round "2.13"]
[White "Caillot, Arnaud"]
[Black "Bourget, Luc"]
[Result "0-1"]
[WhiteElo "1781"]
[BlackElo "2080"]
[PlyCount "44"]
[EventDate "2007.04.13"]
[EventType "swiss"]
[EventRounds "6"]
[EventCountry "FRA"]
[SourceTitle "CBM 117 Extra"]
[Source "ChessBase"]
[SourceDate "2007.05.09"]
[SourceVersion "1"]
[SourceVersionDate "2007.05.09"]
[SourceQuality "1"]

1. d4 d6 2. c4 e5 3. Nc3 exd4 4. Qxd4 Nc6 5. Qd1 Nf6 6. e4 Be7 7. f4 Bg4 8. Nf3 Qd7 9. Be2 0-0-0 10. 0-0 h6 11. Be3 g5 12. fxg5 hxg5 13. Nxg5 Bxe2 14. Qxe2 Ne5 15. h3 Rdg8 16. Kf2 Nfg4+ 17. hxg4 Bxg5 18. Bxg5 Rxg5 19. Ke1 Rxg4 20. Nd5 Rg3 21. Nf6 Qe6 22. Qf2 Nd3+ 0-1

[Event "Angers op 1st"]
[Site "Angers"]
[Date "2006.05.08"]
[Round "5"]
[White "Bourget, Luc"]
[Black "Massard, Rene"]
[Result "1-0"]
[WhiteElo "2100"]
[BlackElo "1730"]
[PlyCount "94"]
[EventDate "2006.05.06"]
[EventType "swiss"]
[EventRounds "6"]
[EventCountry "FRA"]
[SourceTitle "EXT 2007"]
[Source "ChessBase"]
[SourceDate "2006.11.23"]
[SourceVersion "1"]
[SourceVersionDate "2006.11.23"]
[SourceQuality "1"]

1. e4 d5 2. exd5 Qxd5 3. Nc3 Qd6 4. d4 Bf5 5. Nf3 Nd7 6. Nb5 Qb6 7. Bf4 e5 8. Nxe5 a6 9. Nxd7 Qe6+ 10. Qe2 Qxe2+ 11. Bxe2 axb5 12. Ne5 Bd6 13. Bxb5+ c6 14. Bd3 Be6 15. Bg3 Rd8 16. 0-0 Ne7 17. a4 0-0 18. c3 f6 19. Nf3 Nd5 20. Rfe1 Bg4 21. Bxd6 Rxd6 22. Nd2 f5 23. Bc4 Rd7 24. Re5 Kh8 25. Rae1 h6 26. Bxd5 cxd5 27. Re7 Rfd8 28. Rxd7 Rxd7 29. Re8+ Kh7 30. f3 Bh5 31. Rb8 f4 32. Nb3 Bg6 33. Nc5 Re7 34. Kf2 Bc2 35. Rxb7 Re3 36. g3 Bd1 37. gxf4 Re2+ 38. Kg3 h5 39. Nd3 Re3 40. Ne5 Re1 41. Kh4 Rh1 42. Kxh5 Rxh2+ 43. Kg5 Rg2+ 44. Kf5 Rh2 45. Ke6 Rh3 46. Kxd5 Bxf3+ 47. Nxf3 Rxf3 1-0

[Event "Angers op 1st"]
[Site "Angers"]
[Date "2006.05.08"]
[Round "6"]
[White "Broin, Christian"]
[Black "Bourget, Luc"]
[Result "0-1"]
[WhiteElo "1806"]
[BlackElo "2100"]
[PlyCount "94"]
[EventDate "2006.05.06"]
[EventType "swiss"]
[EventRounds "6"]
[EventCountry "FRA"]
[SourceTitle "EXT 2007"]
[Source "ChessBase"]
[SourceDate "2006.11.23"]
[SourceVersion "1"]
[SourceVersionDate "2006.11.23"]
[SourceQuality "1"]

1. c4 Nf6 2. g3 g6 3. Bg2 Bg7 4. Nc3 0-0 5. Nf3 c5 6. 0-0 Nc6 7. e4 d6 8. d3 Ne8 9. Nh4 Nc7 10. Nd5 Ne6 11. f4 Ned4 12. Ne3 f5 13. exf5 gxf5 14. Nf3 e6 15. Nxd4 Nxd4 16. Bd2 Rb8 17. Rb1 Bd7 18. Re1 Bc6 19. Bxc6 bxc6 20. Nc2 e5 21. Nxd4 cxd4 22. Qa4 Qb6 23. b4 Rbe8 24. c5 dxc5 25. bxc5 Qc7 26. Qa6 Rf7 27. Ba5 Qd7 28. Rb3 e4 29. Reb1 e3 30. Rb7 Qd5 31. Be1 Bf6 32. Rxf7 Kxf7 33. Rb7+ Re7 34. Rb1 Qf3 35. Qc4+ Kg7 36. h4 Kh6 37. Kh2 Qe2+ 38. Kh3 Qf1+ 39. Kh2 Rg7 40. Qe6 Qe2+ 41. Kh3 Qg4+ 42. Kh2 Rg6 43. Qxc6 Qe2+ 44. Qg2 Qxd3 45. Rb3 Qe4 46. c6 Bd8 47. Rb7 Rxc6 0-1